Ч. 1: Определение наивероятнейшего значения скорости света из астрономических наблюдений; Вероятнейшее значение скорости распространения возмущений в эфире на основании исследований, сделанных до настоящего времени

Bibliographic Details
Parent link:Вероятнейшее значение скорости распространения возмущений в эфире на основании исследований, сделанных до настоящего времени: в 2 ч./ Б. П. Вейнберг. Ч. 1: Определение наивероятнейшего значения скорости света из астрономических наблюдений.— , 1903
Summary:Текст в русской дореформенной орфографии
Печатано по распоряжению Правления Императорского Новороссийского Университета. Ректор Ф. Шведов
Language:Russian
Published: 1903
Subjects:
Format: Book
KOHA link:https://koha.lib.tpu.ru/cgi-bin/koha/opac-detail.pl?biblionumber=194148

MARC

LEADER 00000nam2a2200000 4500
001 194148
005 20231101224533.0
035 |a (RuTPU)RU\TPU\book\211748 
090 |a 194148 
100 |a 20110406d1903 k y0rusy50 ca 
101 0 |a rus 
102 |a RU 
105 |a a z 001zy 
200 0 |a Ч. 1: Определение наивероятнейшего значения скорости света из астрономических наблюдений 
210 |d 1903 
215 |a XX, 716 с.  |c ил. 
300 |a Текст в русской дореформенной орфографии 
300 |a Печатано по распоряжению Правления Императорского Новороссийского Университета. Ректор Ф. Шведов 
316 |5 63413507: ШкА/3143  |a Владельческий переплет ТТИ 
320 |a Библиогр. в конце гл. 
320 |a Именной указатель: с. VIII-XIV 
461 1 |0 (RuTPU)RU\TPU\book\211874  |t Вероятнейшее значение скорости распространения возмущений в эфире на основании исследований, сделанных до настоящего времени  |o в 2 ч.  |f Б. П. Вейнберг  |v Ч. 1: Определение наивероятнейшего значения скорости света из астрономических наблюдений  |d 1903 
606 1 |a Свет  |x Распространение  |2 stltpush  |3 (RuTPU)RU\TPU\subj\54131  |9 72291 
606 1 |a Астрономические наблюдения  |2 stltpush  |3 (RuTPU)RU\TPU\subj\29560  |9 52859 
610 1 |a наблюдения 
610 1 |a физика 
610 1 |a световые волны 
610 1 |a магнитные волны 
610 1 |a магнитные возмущения 
610 1 |a эфир 
610 1 |a астрономия 
610 1 |a свет 
610 1 |a результаты 
610 1 |a тригонометрия 
610 1 |a математические методы 
610 1 |a математические методы обработки 
610 1 |a тяготение 
610 1 |a астрономические наблюдения 
610 1 |a аберрации 
610 1 |a труды учёных ТПУ 
610 1 |a скорость 
610 1 |a обработка 
610 1 |a коллекция ТПУ 
675 |a 535.22  |v 3 
675 |a 520  |v 3 
801 1 |a RU  |b 63413507  |c 20110406 
801 2 |a RU  |b 63413507  |c 20191129  |g RCR 
942 |c BK